|
|
|
|
| LEADER |
01137nam a22002777a 4500 |
| 001 |
41037 |
| 003 |
BD-DhAAL |
| 008 |
230329t2023 bg ||||| b||| 001 0 eng d |
| 020 |
|
|
|a 9789845063937
|
| 040 |
|
|
|a BD-DhAAL
|c BD-DhAAL
|
| 082 |
|
|
|a 954.9205
|2 23
|
| 100 |
|
|
|a Khandker, A. K.
|9 53936
|
| 245 |
|
|
|a The Bangladesh liberation war in retrospect :
|b conversation among three key participants /
|c A. K. Khandker, Muyeedul Hasan, and S. R. Mirza ; translated by Mumtaz Iqbal.
|
| 260 |
|
|
|b Dhaka :
|a University Press Limited,
|c 2023.
|
| 300 |
|
|
|a x, 148 pages ;
|c 22 cm.
|
| 504 |
|
|
|a Includes bibliographical references and index.
|
| 526 |
|
|
|a AAL
|
| 541 |
|
|
|a University Press Limited
|e 41037
|
| 650 |
|
|
|a Bangladesh
|x History
|y Revolution, 1971.
|
| 700 |
|
|
|a Hasan, Muyeedul
|9 53949
|
| 700 |
|
|
|a Mirza, S. R.
|9 53950
|
| 700 |
|
|
|a Iqbal, Mumtaz
|9 53951
|
| 852 |
|
|
|a Ayesha Abed Library
|c General Stacks
|
| 942 |
|
|
|2 ddc
|c BK
|
| 999 |
|
|
|c 45630
|d 45630
|
| 952 |
|
|
|0 0
|1 0
|2 ddc
|4 0
|6 954_920500000000000_KHA
|7 0
|9 73459
|a BRACUL
|b BRACUL
|c GEN
|d 2023-03-23
|e University Press Limited
|g 375.00
|l 0
|o 954.9205 KHA
|p 3010041037
|r 2023-03-23
|t 1
|v 500.00
|w 2023-03-23
|y BK
|